000 01268nam a2200301 a 4500
001 ebr10442957
003 CaPaEBR
006 m u
007 cr cn|||||||||
008 110223s2009 enka sb 001 0 eng d
020 _z9781847196187
020 _z9781847196194 (e-book)
040 _aCaPaEBR
_cCaPaEBR
035 _a(OCoLC)428967053
050 1 4 _aQA76.9.C55
_bK75 2009eb
100 1 _aKrishnaswamy, Jayaram.
245 1 0 _aLearning SQL server 2008 reporting services
_h[electronic resource] :
_ba step-by-step guide to getting the most of Microsoft SQL server reporting services 2008 /
_cJayaram Krishnaswamy.
260 _aBirmingham, U.K. :
_bPackt Pub.,
_c2009.
300 _axi, 512 p. :
_bill. (some col.)
504 _aIncludes bibliographical references and index.
533 _aElectronic reproduction.
_bPalo Alto, Calif. :
_cebrary,
_d2011.
_nAvailable via World Wide Web.
_nAccess may be limited to ebrary affiliated libraries.
630 0 0 _aSQL server.
650 0 _aClient/server computing.
650 0 _aDatabase management.
655 7 _aElectronic books.
_2local
710 2 _aebrary, Inc.
856 4 0 _uhttp://site.ebrary.com/lib/rucke/Doc?id=10442957
_zAn electronic book accessible through the World Wide Web; click to view
999 _c246285
_d246285